World Capitals - Type the First Letter - Statistics

General Stats
  • This quiz has been taken 94 times
  • The average score is 111 of 196
Answers on the Map
Answers color-coded by a green-red scale on the quiz's map according to % correct below.
 
Answer Stats
Country Country % Correct
Andorra Andorra la Vella
78%
Ireland Dublin
76%
South Korea Seoul
76%
Paraguay Asunción
74%
Brazil Brasília
74%
Australia Canberra
74%
Peru Lima
74%
Spain Madrid
74%
North Korea Pyongyang
74%
New Zealand Wellington
74%
Turkey Ankara
72%
China Beijing
72%
Germany Berlin
72%
Singapore Singapore
72%
Taiwan Taipei
72%
Albania Tirana
72%
Algeria Algiers
70%
Netherlands Amsterdam
70%
Greece Athens
70%
Romania Bucharest
70%
Venezuela Caracas
70%
Denmark Copenhagen
70%
Finland Helsinki
70%
Nepal Kathmandu
70%
Portugal Lisbon
70%
Philippines Manila
70%
Uruguay Montevideo
70%
France Paris
70%
Czech Republic Prague
70%
Morocco Rabat
70%
United States Washington D.C.
70%
Iraq Baghdad
69%
Slovakia Bratislava
69%
Belgium Brussels
69%
Syria Damascus
69%
Afghanistan Kabul
69%
India New Delhi
69%
South Africa Pretoria / Cape Town / Bloemfontein
69%
Yemen Sana'a
69%
Estonia Tallinn
69%
Kazakhstan Astana
67%
Thailand Bangkok
67%
Switzerland Bern
67%
Colombia Bogotá
67%
Argentina Buenos Aires
67%
Egypt Cairo
67%
United Arab Emirates Abu Dhabi
67%
Cuba Havana
67%
Israel Jerusalem
67%
United Kingdom London
67%
Mexico Mexico City
67%
Norway Oslo
67%
Latvia Riga
67%
San Marino San Marino
67%
El Salvador San Salvador
67%
Iran Tehran
67%
Japan Tokyo
67%
Libya Tripoli
67%
Tunisia Tunis
67%
Vatican City Vatican City
67%
Austria Vienna
67%
Croatia Zagreb
67%
Lebanon Beirut
65%
Hungary Budapest
65%
Pakistan Islamabad
65%
Malaysia Kuala Lumpur
65%
Kuwait Kuwait City
65%
Ukraine Kyiv
65%
Bolivia La Paz / Sucre
65%
Belarus Minsk
65%
Ecuador Quito
65%
Saudi Arabia Riyadh
65%
Chile Santiago
65%
Sweden Stockholm
65%
Georgia Tbilisi
65%
Malta Valletta
65%
Serbia Belgrade
63%
Belize Belmopan
63%
Vietnam Hanoi
63%
Slovenia Ljubljana
63%
Luxembourg Luxembourg
63%
Monaco Monaco
63%
Kenya Nairobi
63%
Cyprus Nicosia
63%
Canada Ottawa
63%
Iceland Reykjavík
63%
Italy Rome
63%
North Macedonia Skopje
63%
Bulgaria Sofia
63%
Mongolia Ulaanbaatar
63%
Azerbaijan Baku
61%
Djibouti Djibouti
61%
Qatar Doha
61%
Guatemala Guatemala City
61%
Indonesia Jakarta
61%
Sudan Khartoum
61%
Russia Moscow
61%
Panama Panama City
61%
Haiti Port-au-Prince
61%
Bosnia and Herzegovina Sarajevo
61%
Jordan Amman
59%
Bangladesh Dhaka
59%
São Tomé and Príncipe São Tomé
59%
Maldives Malé
59%
Lithuania Vilnius
59%
Poland Warsaw
59%
Kyrgyzstan Bishkek
57%
Republic of the Congo Brazzaville
57%
Jamaica Kingston
57%
Cambodia Phnom Penh
57%
Montenegro Podgorica
57%
Uzbekistan Tashkent
57%
Liechtenstein Vaduz
57%
Nigeria Abuja
56%
Brunei Bandar Seri Begawan
56%
Guinea-Bissau Bissau
56%
Moldova Chișinău
56%
Senegal Dakar
56%
Tanzania Dodoma
56%
Bahamas Nassau
56%
Sri Lanka Sri
Jayawardenepura
Kotte
56%
Ghana Accra
54%
Ethiopia Addis Ababa
54%
Barbados Bridgetown
54%
Oman Muscat
54%
Kosovo Pristina
54%
Costa Rica San José
54%
Turkmenistan Ashgabat
52%
Dominican Republic Santo Domingo
52%
Angola Luanda
52%
Chad N'Djamena
52%
Madagascar Antananarivo
50%
Trinidad and Tobago Port-of-Spain
50%
Uganda Kampala
50%
D. R. Congo Kinshasa
50%
Bahrain Manama
50%
Somalia Mogadishu
50%
Cameroon Yaoundé
50%
Armenia Yerevan
50%
East Timor Dili
48%
Papua New Guinea Port Moresby
48%
Tajikistan Dushanbe
48%
Guyana Georgetown
48%
Nicaragua Managua
48%
Laos Vientiane
48%
Namibia Windhoek
48%
Myanmar Naypyidaw
46%
Rwanda Kigali
44%
Mozambique Maputo
44%
Lesotho Maseru
44%
Burkina Faso Ouagadougou
44%
Suriname Paramaribo
44%
Ivory Coast Yamoussoukro
44%
Saint Kitts and Nevis Basseterre
43%
Sierra Leone Freetown
43%
Marshall Islands Majuro
43%
Mauritania Nouakchott
43%
Cape Verde Praia
43%
Honduras Tegucigalpa
43%
Mali Bamako
41%
Botswana Gaborone
41%
South Sudan Juba
41%
Zambia Lusaka
41%
Comoros Moroni
41%
Niger Niamey
41%
F. S. Micronesia Palikir
41%
Fiji Suva
41%
Saint Lucia Castries
39%
Saint Vincent and the Grenadines Kingstown
39%
Burundi Gitega
39%
Zimbabwe Harare
39%
Gabon Libreville
39%
Liberia Monrovia
39%
Bhutan Thimphu
39%
Seychelles Victoria
39%
Guinea Conakry
37%
Tuvalu Funafuti
37%
Malawi Lilongwe
37%
Samoa Apia
35%
Eritrea Asmara
35%
Gambia Banjul
35%
Togo Lomé
35%
Eswatini Mbabane
35%
Palau Ngerulmud
35%
Kiribati South Tarawa
35%
Solomon Islands Honiara
33%
Vanuatu Port Vila
33%
Dominica Roseau
33%
Antigua and Barbuda Saint John's
31%
Equatorial Guinea Malabo
30%
Tonga Nukuʻalofa
30%
Benin Porto-Novo / Cotonou
30%
Central African Republic Bangui
28%
Mauritius Port Louis
28%
Grenada Saint George's
28%
Nauru Yaren
28%
No matching quizzes found
Score Distribution
Percent of People with Each Score
Percentile by Number Answered
Your Score History
You have not taken this quiz